| 000 | 00492nam a2200157 i 4500 | ||
|---|---|---|---|
| 001 | 58130 | ||
| 003 | ES-MaACL | ||
| 005 | 20230906163731.0 | ||
| 007 | t| | ||
| 008 | 031021s1948 sp ||||1| spa d | ||
| 100 | 1 |
_aDoylan, A. _945549 |
|
| 245 | 1 | 0 |
_aConservas alimenticias de todas clases _b: recetas y procedimientos industriales y domésticos / _cA. Doylan. |
| 260 |
_aBarcelona : _bOssó, _c[1948] ( _fMyria) |
||
| 300 |
_a233 p. : _bil. ; _c25 cm. |
||
| 852 |
_aES-MaACL _jF-5147 _bR.26638 |
||
| 999 |
_c58130 _d58130 |
||